| 000 | 00656nam a2200217Ia 4500 | ||
|---|---|---|---|
| 001 | 8480 | ||
| 003 | GE_BSU | ||
| 008 | 181216s||||||||xx |||||||||||||| ||und|| | ||
| 040 | _cGE_BSU | ||
| 080 | _a821.353.1-1 | ||
| 100 | _aგურჯიძე, არჩილ | ||
| 245 | _aფესვები. | ||
| 245 | _bლექსები. | ||
| 245 | _cრედ:დ.ივარდავა;მხატვ:.თ.კარბელაშვილი. | ||
| 260 | _aთბილისი. | ||
| 260 | _bსაბჭ.საქართველო | ||
| 260 | _c1972. | ||
| 300 | _a95გვ;16სმ. | ||
| 653 | _aლექსები. | ||
| 942 | _cBK | ||
| 999 |
_c41797 _d41797 |
||